000 00406nam a2200181Ia 4500
001 24059
005 20260414151018.0
008 260414t1957||||xx |||||||||||||| ||spa||
041 _aESP
082 _a759.43
_bM585
100 _aMuller, Jospeh-Émile
_eAUT
245 0 _aKlee
_b
260 _c1957
300 _a15 páginas :
_c15 cm.
650 _aABD
654 _aCAU
942 _cLIB
_dJUS
_fJUS
_2ddc
_n
999 _c24059
_d24059